| 000 | 00673nam a22002177a 4500 | ||
|---|---|---|---|
| 999 |
_c2964 _d2964 |
||
| 001 | 2964 | ||
| 003 | BD-JhCC | ||
| 005 | 20171112191507.0 | ||
| 008 | 171108s1963 ii |||| |||| 000 0 ben d | ||
| 035 | _a(BD-JhCC)2964 | ||
| 040 |
_aBD-JhCC _dBD-JhCC |
||
| 041 | _aben | ||
| 082 |
_a891.4435 _bTAG 1963 |
||
| 100 | _aঠাকুর,রবীন্দ্রনাথ | ||
| 245 |
_aসংকলন / _cরবীন্দ্রনাথ ঠাকুর |
||
| 260 |
_aকলকাতা: _bবিশ্বভারতী, _c১৯৬৩. |
||
| 300 |
_a২৮৫ পৃ. : _c২২ সেমি. |
||
| 650 | _aCollection of short stories | ||
| 942 |
_2ddc _cBK |
||